cinco discursos teológicos, Los / Gregorio Nacianceno ; introducción, traducción y notas de José Ramón Díaz Sánchez-Cid

Gespeichert in:
Bibliographische Detailangaben
1. Verfasser: Nacianceno, Gregorio (autor)
Weitere Verfasser: I. Díaz Sánchez-Ci, José Ramón, trad. (autor) (autor)
Format: Buch
Schriftenreihe:Biblioteca de patrística ; v. 30
Schlagworte:
Tags: Tag hinzufügen
Keine Tags, Fügen Sie das erste Tag hinzu!

MARC

LEADER 00000nam^a2200000^u^4500
001 000538214
005 20250521000000.0
008 060220s1000^^^^^^^^^^^^r^^^^^000^0^spa^d
009 20260310131115.516
022 |a 848698792X 
035 |a FMI 000004790 
037 |a Acervo Xavier Clavigero 
096 |a 3.1.1/14/B/v.30 
100 |a Nacianceno, Gregorio  |e (autor) 
245 1 0 |a cinco discursos teológicos, Los / Gregorio Nacianceno ; introducción, traducción y notas de José Ramón Díaz Sánchez-Cid 
264 |a Madrid : Ciudad Nueva, 1995 
300 |a 283 p. 
336 |a texto  |b txt  |2 rdacontenido 
337 |a sin mediación  |b n  |2 rdamedio 
338 |a volumen  |b nc  |2 rdasoporte 
440 0 |a Biblioteca de patrística ; v. 30 
649 |a XX 
650 |a PATROLOGIA 
700 |a I. Díaz Sánchez-Ci, José Ramón, trad.  |e (autor) 
910 |a Fondo Francisco Migoya Covarrubias S.J. 
920 |a Impresos - Libros 
930 |a Fondos Especiales 
905 |a 134 
901 |a SBC19328  |b IT2  |c ESP  |u 20250521 
902 |a https://opac.biblio.iteso.mx/vufind/Record/000538214